| 000 | 00717nam a2200265 a 4500 | ||
|---|---|---|---|
| 999 |
_c8400 _d8400 |
||
| 001 | 8400 | ||
| 003 | BD-JhCC | ||
| 005 | 20180305201920.0 | ||
| 008 | 890523r19511958enka 000 0 eng d | ||
| 035 | _a(BD-JhCC)8400 | ||
| 035 | _arecon | ||
| 040 |
_aAAA _cAAA _dUKM _dBD-JhCC |
||
| 041 | _aeng | ||
| 082 | 0 | 4 |
_a536 _bMCK 1958 |
| 090 |
_aQC255 _b.M3 |
||
| 100 | 1 |
_aMcKay, Herbert, _d1881- |
|
| 245 | 1 | 0 |
_aOddities of Heat / _cHerbert McKay, |
| 260 |
_aLondon : _bOxford University Press, _c1951. [Reprinted 1958] |
||
| 300 |
_a216 p. : _billus. _c18 cm. |
||
| 490 | 0 | _aNew playbooks of science | |
| 500 | _aillustrated with diagrams by F. Nellis Mann. | ||
| 650 | 0 | _aHeat. | |
| 942 |
_2ddc _cBK |
||